|
|
|
|
| LEADER |
00000nam0a2200000 4500 |
| 001 |
160425 |
| 005 |
20231101222204.0 |
| 010 |
|
|
|a 9785984570855
|
| 035 |
|
|
|a (RuTPU)RU\TPU\book\173961
|
| 090 |
|
|
|a 160425
|
| 100 |
|
|
|a 20090521d2009 m y0rusy50 ca
|
| 101 |
0 |
|
|a rus
|
| 102 |
|
|
|a RU
|
| 105 |
|
|
|a a j 001zy
|
| 200 |
1 |
|
|a Термическая обработка сталей и сплавов
|e учебное пособие
|f Т. Н. Осколкова
|
| 210 |
|
|
|a Москва
|c Теплотехник
|d 2009
|
| 215 |
|
|
|a 260 с.
|c ил.
|
| 320 |
|
|
|a Библиогр.: с. 255-256.
|
| 330 |
|
|
|a Проанализировано современное состояние отечественной и зарубежной науки и техники в области термической обработки сталей и сплавов. Изложены основные теоретические положения, относящиеся к процессам превращения в стали при нагреве и охлаждении: образованию аустенита, перлитному, мартенситному, бейнитному (промежуточному) превращениям, превращениям при нагреве мартенсита и остаточного аустенита. Проанализированы изменения структуры и свойств сталей при отжиге, закалке, отпуске, химико-термической и термомеханической обработке. Приведены необходимые сведения о термической обработке конструкционных, инструментальных и других сталей со специальными свойствами, а также сплавов на основе титана, меди, алюминия. Предназначено для студентов высших учебных заведений, обучающихся по направлению подготовки "Металлургия".
|
| 606 |
1 |
|
|a Сталь
|x Термическая обработка
|2 stltpush
|3 (RuTPU)RU\TPU\subj\56244
|9 74158
|
| 606 |
1 |
|
|a Сплавы
|x Термическая обработка
|2 stltpush
|3 (RuTPU)RU\TPU\subj\55917
|9 73870
|
| 610 |
1 |
|
|a металловедение
|
| 610 |
1 |
|
|a стали
|
| 610 |
1 |
|
|a нагрев
|
| 610 |
1 |
|
|a охлаждение
|
| 610 |
1 |
|
|a фазовые превращения
|
| 610 |
1 |
|
|a классификация
|
| 610 |
1 |
|
|a отжиг
|
| 610 |
1 |
|
|a закалка
|
| 610 |
1 |
|
|a внутренние напряжения
|
| 610 |
1 |
|
|a отпуск
|
| 610 |
1 |
|
|a старение
|
| 610 |
1 |
|
|a термомеханическая обработка
|
| 610 |
1 |
|
|a поверхностное упрочнение
|
| 610 |
1 |
|
|a легирующие элементы
|
| 610 |
1 |
|
|a металлургия
|
| 610 |
1 |
|
|a цветные металлы
|
| 610 |
1 |
|
|a аустенит
|
| 610 |
1 |
|
|a учебные пособия
|
| 675 |
|
|
|a 621.78:669.1(075.8)
|v 3
|
| 675 |
|
|
|a 669.018.4(075.8)
|v 3
|
| 700 |
|
1 |
|a Осколкова
|b Т. Н.
|g Татьяна Николаевна
|
| 801 |
|
1 |
|a RU
|b 63413507
|c 20090521
|g PSBO
|
| 801 |
|
2 |
|a RU
|b 63413507
|c 20150616
|g PSBO
|
| 900 |
|
|
|a Современные технологии поверхностного упрочнения и нанесения покрытий
|
| 942 |
|
|
|c BK
|